<?xml version="1.0" encoding="UTF-8"?>
<record
    xmlns:xsi="http://www.w3.org/2001/XMLSchema-instance"
    xsi:schemaLocation="http://www.loc.gov/MARC21/slim http://www.loc.gov/standards/marcxml/schema/MARC21slim.xsd"
    xmlns="http://www.loc.gov/MARC21/slim">

  <leader>01583aab a2200253 i 4500</leader>
  <controlfield tag="001">768714001</controlfield>
  <controlfield tag="003">CO-MdFUSB</controlfield>
  <controlfield tag="005">20240716153808.0</controlfield>
  <controlfield tag="008">240716t2008    sz ||||| |||| 00| 0 eng d</controlfield>
  <datafield tag="040" ind1=" " ind2=" ">
    <subfield code="b">spa</subfield>
    <subfield code="c">CO-MdFUSB</subfield>
  </datafield>
  <datafield tag="041" ind1=" " ind2=" ">
    <subfield code="a">eng</subfield>
  </datafield>
  <datafield tag="100" ind1="1" ind2=" ">
    <subfield code="a">Oduyoye, Mercy</subfield>
    <subfield code="e">autor</subfield>
  </datafield>
  <datafield tag="245" ind1="1" ind2="0">
    <subfield code="a">Talitha qumi: celebrating Africa's struggles against structures and cultures that legitimize exclusion and inequalities : </subfield>
    <subfield code="b">a study of Mark 5.21-24; 35-43; Luke 8.40-42; 49-56</subfield>
    <subfield code="c">/ Mercy Oduyoye</subfield>
  </datafield>
  <datafield tag="520" ind1=" " ind2=" ">
    <subfield code="a">Las estructuras de explotaci&#xF3;n y exclusi&#xF3;n que hoy crean desigualdad en &#xC1;frica s&#xF3;lo pueden llamarse esclavitud, sostiene Oduyoye, quien a&#xF1;ade que son los ni&#xF1;os, especialmente las ni&#xF1;as, los que sufren bajo este yugo. Lo que duele a los africanos tambi&#xE9;n da&#xF1;a al mundo entero y es por eso que los africanos contin&#xFA;an exigiendo m&#xE1;s formas de curaci&#xF3;n, a menudo bas&#xE1;ndose en modelos b&#xED;blicos de liberaci&#xF3;n como inspiraci&#xF3;n. Sostiene que hoy los africanos pueden celebrar el hecho de que est&#xE1;n desafiando los sistemas que los mantienen en esclavitud, ya sean los bonos europeos o los africanos.</subfield>
  </datafield>
  <datafield tag="546" ind1=" " ind2=" ">
    <subfield code="a">Texto en ingl&#xE9;s.</subfield>
  </datafield>
  <datafield tag="630" ind1=" " ind2="0">
    <subfield code="a">Ecumenismo e humanismo, </subfield>
  </datafield>
  <datafield tag="630" ind1="0" ind2="7">
    <subfield code="a">Biblia.</subfield>
    <subfield code="p">Nuevo Testamento</subfield>
    <subfield code="x">Cr&#xED;tica, interpretaci&#xF3;n, etc.</subfield>
  </datafield>
  <datafield tag="650" ind1="1" ind2="7">
    <subfield code="a">Antropolog&#xED;a cultural y social</subfield>
    <subfield code="9">6714</subfield>
  </datafield>
  <datafield tag="650" ind1="1" ind2="0">
    <subfield code="a">Reforma de la iglesia</subfield>
    <subfield code="9">958</subfield>
  </datafield>
  <datafield tag="650" ind1="1" ind2="7">
    <subfield code="a">Hermen&#xE9;utica b&#xED;blica</subfield>
    <subfield code="9">7333</subfield>
  </datafield>
  <datafield tag="773" ind1="0" ind2=" ">
    <subfield code="t">Reformed World</subfield>
    <subfield code="0">49396</subfield>
    <subfield code="9">59499</subfield>
    <subfield code="g">Volumen 58, (n&#xFA;mero 1, 2008) p&#xE1;ginas:  82 - 89</subfield>
    <subfield code="q">p&#xE1;gina: 82</subfield>
  </datafield>
  <datafield tag="942" ind1=" " ind2=" ">
    <subfield code="c">ANA</subfield>
  </datafield>
  <datafield tag="945" ind1=" " ind2=" ">
    <subfield code="a">Catherine Arias &#xC1;lvarez - Practicante SENA</subfield>
  </datafield>
  <datafield tag="999" ind1=" " ind2=" ">
    <subfield code="c">62679</subfield>
    <subfield code="d">62679</subfield>
  </datafield>
</record>
